The Man That Corrupted Hadleyburg, and other stories (Record no. 232580)
[ view plain ]
| 000 -LEADER | |
|---|---|
| fixed length control field | 01413cam a22002893a 4500 |
| 001 - CONTROL NUMBER | |
| control field | 3251 |
| 003 - CONTROL NUMBER IDENTIFIER | |
| control field | PGUSA |
| 005 - DATE AND TIME OF LATEST TRANSACTION | |
| control field | 20140828083029.0 |
| 008 - FIXED-LENGTH DATA ELEMENTS--GENERAL INFORMATION | |
| fixed length control field | 040920s2004||||xxu|||||s|||||000 1 eng d |
| 040 ## - CATALOGING SOURCE | |
| Original cataloging agency | PGUSA |
| Language of cataloging | eng |
| 042 ## - AUTHENTICATION CODE | |
| Authentication code | dc |
| 050 #4 - LIBRARY OF CONGRESS CALL NUMBER | |
| Classification number | PS |
| 100 1# - MAIN ENTRY--PERSONAL NAME | |
| Personal name | Twain, Mark, |
| Dates associated with a name | 1835-1910 |
| 245 14 - TITLE STATEMENT | |
| Title | The Man That Corrupted Hadleyburg, and other stories |
| Medium | [electronic resource] / |
| Statement of responsibility, etc | Mark Twain |
| 260 ## - PUBLICATION, DISTRIBUTION, ETC. (IMPRINT) | |
| Name of publisher, distributor, etc | Project Gutenberg, |
| Date of publication, distribution, etc | 2004 |
| 505 0# - FORMATTED CONTENTS NOTE | |
| Formatted contents note | The Man that Corrupted Hadleyburg -- My First Lie, and How I Got out of it -- The Esquimaux Maiden's Romance -- Christian Science and The Book of Mrs. Eddy -- Is He Living or Is He Dead? -- My Debut as a Literary Person -- At The Appetite-cure -- Concerning The Jews -- From The 'London Times' of 1904 -- About Play-acting -- Travelling with a Reformer -- Diplomatic Pay and Clothes -- Luck -- The Captain's Story -- Stirring Times in Austria -- Meisterschaft -- My Boyhood Dreams -- To The above Old People -- In Memoriam - Olivia Susan Clemens. |
| 506 ## - RESTRICTIONS ON ACCESS NOTE | |
| Terms governing access | Public domain in the USA. |
| 516 ## - TYPE OF COMPUTER FILE OR DATA NOTE | |
| Type of computer file or data note | Electronic text |
| 653 ## - INDEX TERM--UNCONTROLLED | |
| Uncontrolled term | Honesty -- Fiction |
| 653 ## - INDEX TERM--UNCONTROLLED | |
| Uncontrolled term | City and town life -- Fiction |
| 653 ## - INDEX TERM--UNCONTROLLED | |
| Uncontrolled term | Humorous stories, American |
| 653 ## - INDEX TERM--UNCONTROLLED | |
| Uncontrolled term | United States -- Social life and customs -- 19th century -- Fiction |
| 653 ## - INDEX TERM--UNCONTROLLED | |
| Uncontrolled term | Short stories |
| 830 #0 - SERIES ADDED ENTRY--UNIFORM TITLE | |
| Uniform title | Project Gutenberg |
| Volume number/sequential designation | 3251 |
| 856 40 - ELECTRONIC LOCATION AND ACCESS | |
| Uniform Resource Identifier | <a href="http://www.gutenberg.org/ebooks/3251">http://www.gutenberg.org/ebooks/3251</a> |
| 942 ## - ADDED ENTRY ELEMENTS (KOHA) | |
| Koha item type | eBooks |
| Withdrawn status | Lost status | Damaged status | Home library | Current library | Date acquired | Total Checkouts | Date last seen | Price effective from | Koha item type |
|---|---|---|---|---|---|---|---|---|---|
| Project Gutenberg | Project Gutenberg | 08/28/2014 | 08/28/2014 | 08/28/2014 | eBooks |